000 00702nam a2200241Ia 4500
003 OSt
005 20220930195409.0
006 a|||||r|||| 00| 0
007 ta
008 220926b |||||||| |||| 00| 0 hin d
024 _a15172
037 _cDissertations
040 _aCRL
_cCRL
_bhin
041 _2hin
_ahin
100 _aKhurana Vinay
_9564117
110 _aUniversity of Delhi. Faculty of Arts. Department of Hindi
245 0 _aSwatantra Bharat ke ahindi bhashi hindi sahitayakar
260 _c1990
650 _aHINDI LITERATURE
_923866
700 _aUniversity of Delhi. Faculty of Arts. Department of Hindi
942 _cDIS
_2CC
999 _c899043
_d899043